000 00850cam a2200289 4500
008 090401t1993 xxu||||| |||| 00| 0 eng d
020 _a0112429580
035 _a(Sirsi) u67400
041 _aeng
050 _a630.0212
110 _aMinistry of Agriculture Fisheries and Food
245 4 _aThe digest of agricultural census statistics: United kingdom 1992.
260 _aLondon
_bHMSO
_c1993
300 _a(133)p. ; 30cm.
350 _a17
650 _aAGRICULTURAL CENSUS
650 _aANIMAL HUSBANDRY
650 _aCROPS
650 _aEMPLOYMENT
650 _aFARMING
690 _aRURAL PRACTICE
710 _aScottish Office Agriculture and Fisheries Deoartment
_9260
710 _aDepartment of Agriculture for Northern Ireland
_9119
710 _aUnited Kingdom
_bWelsh Office
_91214
942 _n0
948 _c04/03/1997
999 _c95005
_d95005